| 000 | 00920nam a2200229Ii 4500 | ||
|---|---|---|---|
| 003 | JO-AjNU | ||
| 008 | 230605s9999||||xx |||||||||||||| ||und|| | ||
| 017 | _a1429/624 | ||
| 020 | _a978-996-00-301-6 | ||
| 040 |
_aJO-AjNU _bara _erda _cJO-AjNU |
||
| 041 | _aara | ||
| 050 | 1 | 4 | _aHD30.2.H39.2008 |
| 100 | 3 |
_aالهزاني،نورة بنت ناصر, _eauthor _927657 |
|
| 245 | 0 | 0 | _aالخدمات الالكترونية في الاجهزة الحكومية:دراسة لتقييم مواقع الوزارات السعودية على الانترنت |
| 264 | 3 | 1 | _aالرياض:مكتبة الملك فهد الوطنية،2008 |
| 300 | _a214ص | ||
| 336 |
_atext _btxt _2rdacontent |
||
| 337 |
_aunmediated _bn _2rdamedia |
||
| 338 |
_avolume _bnc _2rdacarrier |
||
| 490 | 0 | _aالسلسلة الاولى47 | |
| 650 | 4 |
_aالحكومة الالكترونية-الاجهزة الحكومية-السعودية _927658 |
|
| 999 |
_aA10635 _c14203 _d14203 |
||